Miasta w województwie mazowieckim - nagła śmierć - Statystyki

Ogólne statystyki
  • Ten quiz został rozwiązany 325 razy
    295 od ostatniego zresetowania
  • Średni wynik to 12 z 20
Answers on the Grid
Answers color-coded by a green-red scale on the quiz's grid according to % correct below.
Biała Podlaska
Białobrzegi
Brodnica
Ciechanów
Dębica
Garwolin
Grodzisk Mazowiecki
Hajnówka
Jelenia Góra
Kielce
Kościerzyna
Łomża
Lubin
Lublin
Marki
Mielec
Mińsk Mazowiecki
Mława
Nałęczów
Nidzica
Olsztyn
Ostrołęka
Pruszków
Przasnysz
Puławy
Pułtusk
Racibórz
Radom
Radzymin
Rybnik
Siedlce
Skierniewice
Sochaczew
Starachowice
Stargard
Suwałki
Świętochłowice
Szamotuły
Tczew
Tomaszów Mazowiecki
Tychy
Warszawa
Węgrów
Włocławek
Wołomin
Wyszków
Ząbki
Zabrze
Zakopane
Zielona Góra
 
Statystyki odpowiedzi
Odpowiedź % Poprawnych
Grodzisk Mazowiecki
78%
Warszawa
76%
Mińsk Mazowiecki
73%
Ciechanów
70%
Marki
69%
Pruszków
67%
Garwolin
66%
Radom
66%
Ostrołęka
65%
Ząbki
65%
Wołomin
62%
Siedlce
60%
Mława
58%
Wyszków
58%
Pułtusk
57%
Białobrzegi
55%
Sochaczew
55%
Radzymin
52%
Węgrów
46%
Przasnysz
45%
Nie znaleziono quizów pasujących do podanych kryteriów
Rozkład punktacji
Procent ludzi z każdym wynikiem
Percentyl według liczby udzielonych odpowiedzi
Twoja historia wyników
Nie rozwiązałeś tego quizu od ostatniego zresetowania